[Event "GCT 2022 - Superbet Chess Classic"]
[Site "Bucarest"]
[Date "05.05.2022"]
[Round "1"]
[White "Caruana, Fabiano"]
[Black "Firouzja, Alireza"]
[Result "1/2-1/2"]
[WhiteElo "2786"]
[BlackElo "2804"]
[EventDate "2022.05.05"]

1. c4 e6 2. Nc3 d5 3. d4 Nf6 4. cxd5 exd5 5. Bg5 c6 6. e3 h6 7. Bh4 Be7 8.
Bd3 O-O 9. Nge2 Re8 10. O-O Nbd7 11. a4 Nh5 12. Bxe7 Qxe7 13. a5 a6 14. Ra3
Nf8 15. Na4 Rb8 16. Qd2 Qg5 17. f3 g6 18. Bb1 Ng7 19. Nf4 Bf5 20. Ba2 h5
21. Qf2 Nd7 22. h4 Qf6 23. b4 Qd6 24. Nc5 Nf6 25. Qg3 Qd8 26. Qg5 Qd6 27.
Qg3 Qd8 28. Qg5 Qd6 29. Qg3 1/2-1/2

[Event "GCT 2022 - Superbet Chess Classic"]
[Site "Bucarest"]
[Date "05.05.2022"]
[Round "1"]
[White "Aronian, Levon"]
[Black "Rapport, Richard"]
[Result "1/2-1/2"]
[WhiteElo "2765"]
[BlackElo "2776"]
[EventDate "2022.05.05"]

1. d4 d5 2. c4 c6 3. Nf3 Nf6 4. Nc3 dxc4 5. a4 Bf5 6. Ne5 Nbd7 7. Nxc4 Nb6
8. Ne5 a5 9. f3 Nfd7 10. Nxd7 Bxd7 11. e4 e6 12. Bf4 Bb4 13. Be2 O-O 14.
O-O Rc8 15. Rf2 Be8 16. Bf1 f5 17. g3 Bg6 18. h4 Kh8 19. Rc1 Nd7 20. e5 Nb6
21. Kg2 h6 22. Qb3 Bf7 23. Be3 g5 24. hxg5 hxg5 25. Kg1 Kg7 26. Rh2 Rh8 27.
Rxh8 Kxh8 28. g4 f4 29. Bf2 Nd5 30. Ne4 Bg6 31. Bc4 Rc7 32. Kg2 Rh7 33. Rh1
Rxh1 34. Kxh1 Kg7 35. Kg2 b6 36. Bd3 Be7 37. Bc4 Bb4 38. Bd3 Be7 39. Bc4
1/2-1/2

[Event "GCT 2022 - Superbet Chess Classic"]
[Site "Bucarest"]
[Date "05.05.2022"]
[Round "1"]
[White "Nepomniachtchi, Ian"]
[Black "Deac, Bogdan-Daniel"]
[Result "1/2-1/2"]
[WhiteElo "2773"]
[BlackElo "2671"]
[EventDate "2022.05.05"]

1. e4 e5 2. Nf3 Nf6 3. d4 Nxe4 4. Bd3 d5 5. Nxe5 Nd7 6. Nc3 Nxc3 7. bxc3
Nxe5 8. dxe5 Bc5 9. Qh5 g6 10. Qh6 Bf8 11. Qe3 Qe7 12. a4 Qc5 13. Qd2 Qa5
14. Rb1 Be7 15. O-O O-O 16. Qf4 Qxc3 17. h4 c5 18. h5 Qd4 19. Qxd4 cxd4 20.
Bh6 Re8 21. f4 Rb8 22. f5 gxf5 23. Bxf5 d3 24. Bxc8 Rbxc8 25. Rf4 dxc2 26.
Rg4+ Kh8 27. Bg7+ Kg8 28. Bh6+ Kh8 29. Bg7+ Kg8 1/2-1/2

[Event "GCT 2022 - Superbet Chess Classic"]
[Site "Bucarest"]
[Date "05.05.2022"]
[Round "1"]
[White "So, Wesley"]
[Black "Mamedyarov, Shakhriyar"]
[Result "1-0"]
[WhiteElo "2776"]
[BlackElo "2759"]
[EventDate "2022.05.05"]

1. d4 Nf6 2. c4 e6 3. Nc3 Bb4 4. e3 O-O 5. Bd3 d5 6. cxd5 exd5 7. a3 Bd6 8.
Qc2 a6 9. Nge2 Re8 10. O-O b6 11. b4 Nbd7 12. Nf4 Bxf4 13. exf4 c5 14. dxc5
bxc5 15. Rd1 Bb7 16. Na4 c4 17. Bf5 a5 18. Be3 axb4 19. axb4 Qe7 20. Rab1
g6 21. Bxd7 Nxd7 22. Nc3 Nf6 23. Bd4 Nh5 24. Qd2 f6 25. h3 Ng7 26. Bc5 Qf7
27. Nb5 Nf5 28. Nd4 Qd7 29. Re1 Kf7 30. Rxe8 Rxe8 31. Ra1 Ra8 32. Re1 Re8
33. Rxe8 Qxe8 34. Nxf5 gxf5 35. Bd4 Bc6 36. f3 h5 37. Qf2 Qf8 38. Qb2 Qb8
39. Qd2 Kg6 40. Qe3 Kf7 41. Bc3 Bd7 42. Kh2 Qd6 43. Kg3 Kg6 44. Kh4 Bb5 45.
Qd4 Bd7 46. Qd2 Bc6 47. Bd4 Bd7 48. g3 Be8 49. Qb2 Qc6 50. Qa3 Qa4 51. Qe3
Qd7 52. b5 Qxb5 1-0

[Event "GCT 2022 - Superbet Chess Classic"]
[Site "Bucarest"]
[Date "05.05.2022"]
[Round "1"]
[White "Vachier-Lagrave, Maxime"]
[Black "Dominguez Perez, Leinier"]
[Result "1/2-1/2"]
[WhiteElo "2750"]
[BlackElo "2753"]
[EventDate "2022.05.05"]

1. e4 e5 2. Nf3 Nf6 3. Nxe5 d6 4. Nd3 Nxe4 5. Qe2 Qe7 6. Nf4 Nf6 7. d4
Qxe2+ 8. Bxe2 Nc6 9. c3 d5 10. Bf3 Ne7 11. O-O Bf5 12. Re1 O-O-O 13. Nd2
Ng6 14. Nf1 Bd6 15. Ng3 Rhe8 16. Be3 Nh4 17. Nxf5 Nxf5 18. Bd2 c6 19. Rxe8
Rxe8 20. Nd3 Nh4 21. Bd1 Ne4 22. Be1 Nf5 23. a4 g6 24. g4 Ng7 25. f3 Nf6
26. Bg3 Bxg3 27. hxg3 Nd7 28. Kf2 h5 29. gxh5 Nxh5 30. Bc2 Ng7 31. Rh1 Nf5
32. g4 Nd6 33. Rh7 Nf6 34. Rh1 Nd7 35. Rh7 Nf6 36. Rh1 1/2-1/2

[Event "GCT 2022 - Superbet Chess Classic"]
[Site "Bucarest"]
[Date "06.05.2022"]
[Round "2"]
[White "So, Wesley"]
[Black "Vachier-Lagrave, Maxime"]
[Result "1/2-1/2"]
[WhiteElo "2776"]
[BlackElo "2750"]
[EventDate "2022.05.05"]

1. Nf3 d5 2. d4 Nf6 3. c4 dxc4 4. e3 e6 5. Bxc4 a6 6. O-O c5 7. b3 cxd4 8.
Nxd4 Be7 9. Bb2 O-O 10. Be2 b5 11. a4 bxa4 12. Rxa4 Bb7 13. Bf3 Qd7 14. Nd2
Nc6 15. Nc4 Nxd4 16. Bxd4 Bxf3 17. Qxf3 Qb5 18. Rb1 Rab8 19. Raa1 Rfd8 20.
h3 Rd5 21. Qg3 Rg5 22. Qf3 Rd5 23. Qg3 Rg5 24. Qf3 1/2-1/2

[Event "GCT 2022 - Superbet Chess Classic"]
[Site "Bucarest"]
[Date "06.05.2022"]
[Round "2"]
[White "Dominguez Perez, Leinier"]
[Black "Caruana, Fabiano"]
[Result "1/2-1/2"]
[WhiteElo "2753"]
[BlackElo "2786"]
[EventDate "2022.05.05"]

1. e4 c5 2. Nf3 e6 3. d4 cxd4 4. Nxd4 Nf6 5. Nc3 Nc6 6. Ndb5 d6 7. Bf4 e5
8. Bg5 a6 9. Na3 b5 10. Nd5 Be7 11. Bxf6 Bxf6 12. c3 Rb8 13. Nc2 O-O 14. a3
g6 15. Ncb4 Bb7 16. Be2 Bg5 17. O-O Ne7 18. Qd3 Nc8 19. Rfd1 a5 20. Nc2 Nb6
21. Nce3 Na4 22. Qc2 Bxe3 23. Nxe3 Nc5 24. Bd3 a4 25. f3 Bc8 26. Qf2 Be6
27. Bc2 Qe7 28. Rd2 Nb3 29. Bxb3 Bxb3 30. Re1 Qe6 31. f4 exf4 32. Qxf4 Qe5
33. Qh4 h5 34. Rd4 Rbe8 35. Rf1 f5 36. Rf4 Rf7 37. Qg5 Kh7 38. h4 fxe4 39.
Rxf7+ Bxf7 40. Qxe5 dxe5 41. Rd7 Kg7 42. Kf2 Kf6 43. Rd6+ Re6 44. Nd5+ Kf5
45. Ne3+ Kf6 46. Nd5+ Kf5 47. Ne3+ Kf6 1/2-1/2

[Event "GCT 2022 - Superbet Chess Classic"]
[Site "Bucarest"]
[Date "06.05.2022"]
[Round "2"]
[White "Mamedyarov, Shakhriyar"]
[Black "Rapport, Richard"]
[Result "1/2-1/2"]
[WhiteElo "2759"]
[BlackElo "2776"]
[EventDate "2022.05.05"]

1. e4 e6 2. d4 d5 3. Nc3 Nc6 4. e5 f6 5. Bb5 Qd7 6. Nf3 a6 7. Bxc6 Qxc6 8.
O-O Ne7 9. exf6 gxf6 10. Nh4 h5 11. Qf3 Bg7 12. b3 e5 13. Ba3 Bg4 14. Qg3
Rg8 15. Bxe7 Kxe7 16. Rae1 e4 17. Na4 f5 18. f3 Bxd4+ 19. Kh1 f4 20. Qxf4
Raf8 21. Qd2 Bf6 22. fxe4 dxe4 23. Rxe4+ Qxe4 24. Re1 Qxe1+ 25. Qxe1+ Kd8
26. h3 Bxh3 27. gxh3 Bd4 28. Qd1 Rg1+ 29. Qxg1 Bxg1 30. Kxg1 Rf4 31. Ng2
Rf3 32. h4 b6 33. Nb2 Rc3 34. Ne1 Rh3 35. Ng2 Rc3 36. Ne1 Rh3 37. Ng2
1/2-1/2

[Event "GCT 2022 - Superbet Chess Classic"]
[Site "Bucarest"]
[Date "06.05.2022"]
[Round "2"]
[White "Deac, Bogdan-Daniel"]
[Black "Aronian, Levon"]
[Result "1/2-1/2"]
[WhiteElo "2671"]
[BlackElo "2765"]
[EventDate "2022.05.05"]

1. d4 d5 2. Nf3 Nf6 3. c4 dxc4 4. e3 e6 5. Bxc4 c5 6. O-O a6 7. b3 Nc6 8.
Bb2 cxd4 9. Nxd4 Nxd4 10. Bxd4 Bd7 11. Nd2 Bc6 12. Nf3 Be4 13. Ng5 Bc6 14.
Qe2 Qa5 15. f4 Be7 16. Rad1 h6 17. Nf3 O-O 18. Ne5 Be4 19. Bd3 Bxd3 20.
Rxd3 Rac8 21. Nc4 Qh5 22. Qxh5 Nxh5 23. g4 Nf6 24. Bxf6 Bxf6 25. a4 b5 26.
axb5 axb5 27. Na3 Rb8 28. Rf2 Rb6 29. Rfd2 Ra8 30. Nc2 Rc6 31. Nd4 Rc1+ 32.
Kg2 b4 33. Rd1 Ra2+ 34. Kg3 Rc5 35. h4 e5 36. fxe5 Bxe5+ 37. Kf3 Bf6 38. h5
Rh2 39. Ne2 Rg5 40. Nf4 Rh4 41. Rg1 Be5 42. Rd8+ Kh7 43. Rf8 Bxf4 44. exf4
Rh3+ 45. Rg3 Rxg3+ 46. Kxg3 Rd5 47. Rxf7 Rd3+ 48. Kf2 Rxb3 49. Rb7 Rb2+ 50.
Kf3 Rb3+ 51. Kf2 Rb2+ 52. Kf3 Rb3+ 53. Kf2 1/2-1/2

[Event "GCT 2022 - Superbet Chess Classic"]
[Site "Bucarest"]
[Date "07.05.2022"]
[Round "3"]
[White "Caruana, Fabiano"]
[Black "So, Wesley"]
[Result "1/2-1/2"]
[WhiteElo "2786"]
[BlackElo "2776"]
[EventDate "2022.05.05"]

1. d4 Nf6 2. c4 e6 3. Nf3 d5 4. g3 Be7 5. Bg2 O-O 6. O-O dxc4 7. Qa4 a6 8.
Qxc4 b5 9. Qc2 Bb7 10. Bd2 Be4 11. Qc1 c6 12. a4 b4 13. Bg5 Bxf3 14. Bxf3
Qxd4 15. Rd1 Qa7 16. Nd2 Nd5 17. Nc4 Bxg5 18. Qxg5 h6 19. Qd2 a5 20. e4 Nb6
21. Nxb6 Qxb6 22. e5 Ra7 23. Qf4 Rd7 24. Rd6 Rxd6 25. exd6 c5 26. Rd1 Rd8
27. b3 Nc6 28. Bxc6 Qxc6 29. Rd2 f6 30. h4 h5 31. Rd1 Kf7 32. Rd2 Kf8 33.
Rd1 Rd7 34. Qd2 Qf3 35. Qc2 Kf7 36. Rd2 Qc6 37. Qd3 Kf8 38. Rd1 Kf7 39. Rd2
Kf8 40. Rd1 Kf7 1/2-1/2

[Event "GCT 2022 - Superbet Chess Classic"]
[Site "Bucarest"]
[Date "07.05.2022"]
[Round "3"]
[White "Nepomniachtchi, Ian"]
[Black "Dominguez Perez, Leinier"]
[Result "1/2-1/2"]
[WhiteElo "2773"]
[BlackElo "2753"]
[EventDate "2022.05.05"]

1. e4 e5 2. Nf3 Nf6 3. d4 Nxe4 4. Bd3 d5 5. Nxe5 Nd7 6. Nc3 Nxc3 7. bxc3
Bd6 8. O-O O-O 9. Re1 c5 10. Qf3 c4 11. Bf5 Nxe5 12. dxe5 Re8 13. Bxc8 Rxc8
14. Bg5 Be7 15. e6 fxe6 16. Rxe6 Bxg5 17. Rxe8+ Qxe8 18. Qxd5+ Kh8 19. Qxg5
Qe2 20. Qf5 Rd8 21. h3 h6 22. a4 b6 23. Qg4 Qxg4 24. hxg4 Rd2 25. Rc1 Kg8
26. Kf1 Kf7 27. Ke1 Rd5 28. Rb1 Ke6 29. Rb4 Re5+ 30. Kd2 Kd5 31. a5 bxa5
32. Ra4 Kc6 33. Rxc4+ Rc5 34. Re4 Kb5 35. f4 a4 36. Re7 a5 37. Rxg7 a3 38.
Kc1 Rxc3 39. g5 a2 40. Kb2 Rxc2+ 41. Ka1 hxg5 42. Rxg5+ Kb4 43. Rg3 Rf2 44.
Rf3 Rxf3 45. gxf3 Kc5 46. Kxa2 Kd5 47. Ka3 Ke6 48. Ka4 Kf5 49. Kxa5 Kxf4
50. Kb4 Kxf3 1/2-1/2

[Event "GCT 2022 - Superbet Chess Classic"]
[Site "Bucarest"]
[Date "07.05.2022"]
[Round "3"]
[White "Rapport, Richard"]
[Black "Deac, Bogdan-Daniel "]
[Result "0-1"]
[WhiteElo "2776"]
[BlackElo "2671"]
[EventDate "2022.05.05"]

1. d4 Nf6 2. c4 e6 3. Nc3 Bb4 4. e3 O-O 5. Nge2 c6 6. a3 Ba5 7. c5 d5 8.
cxd6 Qxd6 9. b4 Bb6 10. Bb2 Nbd7 11. Ng3 Rd8 12. Bc4 e5 13. Qb3 exd4 14.
Bxf7+ Kh8 15. exd4 Bxd4 16. O-O-O Ne5 17. Nce4 Bxb2+ 18. Qxb2 Nd3+ 19. Rxd3
Qxd3 20. Nxf6 Qd6 21. Nfh5 Qh6+ 22. f4 Bg4 23. Qe5 a5 24. bxa5 Rd7 25. Be8
Rdd8 26. Re1 Kg8 27. Nf5 Bxf5 28. Bf7+ Kxf7 29. Qxf5+ Kg8 30. Re7 Rf8 31.
Qe5 Rf7 32. Re6 g6 33. Nf6+ Kh8 34. g4 Qxh2 35. Rd6 Qh1+ 36. Kc2 Qg2+ 37.
Rd2 Qh3 38. Kb2 Qf1 39. Nxh7+ Kg8 40. Ng5 Qxf4 41. Qxf4 Rxf4 42. Rd6 Rxa5
43. Rxg6+ Kh8 44. Ne6 Rf3 45. g5 Raxa3 46. Nd4 Rh3 47. Rd6 Rag3 48. Rd8+
Kh7 49. Rd7+ Kg6 50. Rxb7 Rg2+ 51. Ka1 Ra3+ 52. Kb1 Rd3 0-1

[Event "GCT 2022 - Superbet Chess Classic"]
[Site "Bucarest"]
[Date "07.05.2022"]
[Round "3"]
[White "Aronian, Levon"]
[Black "Firouzja, Alireza"]
[Result "1/2-1/2"]
[WhiteElo "2765"]
[BlackElo "2804"]
[EventDate "2022.05.05"]

1. c4 c6 2. Nf3 d5 3. d4 Nf6 4. Nc3 dxc4 5. a4 Bf5 6. Ne5 Nbd7 7. Nxc4 Qc7
8. g3 e5 9. dxe5 Nxe5 10. Bf4 Nfd7 11. Bg2 g5 12. Ne3 gxf4 13. Nxf5 O-O-O
14. Qc2 Kb8 15. gxf4 Nc4 16. e3 Nc5 17. Rd1 Rxd1+ 18. Nxd1 Qa5+ 19. Ke2 Qa6
20. Kf3 Qxa4 21. Qxa4 Nxa4 22. Ke2 Ncxb2 23. Nxb2 Nxb2 24. Rb1 Na4 25. Kd2
Nb6 26. Bf3 Bc5 27. Nh6 f6 28. Rg1 a5 29. Rg8+ Rxg8 30. Nxg8 f5 31. Kc2 a4
32. Nh6 Nc4 33. Be2 Nd6 34. Bd3 Ne4 35. Bxe4 fxe4 36. Ng8 b5 37. Nf6 Kc7
38. Nxh7 b4 39. Ng5 b3+ 40. Kb2 Bb4 41. Nxe4 c5 42. Nc3 Bxc3+ 43. Kxc3 c4
44. Kb2 Kd6 45. f5 Ke5 46. f3 Kxf5 47. h4 Ke5 48. h5 Kf5 49. f4 Ke4 50. h6
Kd3 51. h7 c3+ 52. Ka3 c2 53. h8=Q c1=Q+ 54. Kxa4 b2 55. Qh7+ Kxe3 56. Qh3+
Kxf4 57. Qh4+ Kf5 58. Qh3+ Ke5 59. Qh5+ Kd6 60. Qg6+ Kc7 61. Qg7+ Kb6 62.
Qxb2+ Qxb2 1/2-1/2

[Event "GCT 2022 - Superbet Chess Classic"]
[Site "Bucarest"]
[Date "07.05.2022"]
[Round "3"]
[White "Vachier-Lagrave, Maxime"]
[Black "Mamedyarov, Shakhriyar"]
[Result "1/2-1/2"]
[WhiteElo "2750"]
[BlackElo "2759"]
[EventDate "2022.05.05"]

1. e4 c6 2. Nf3 d5 3. Nc3 dxe4 4. Nxe4 Nf6 5. Qe2 Nxe4 6. Qxe4 Qa5 7. c3
Bf5 8. Qh4 Nd7 9. d4 e6 10. Nd2 c5 11. dxc5 Qxc5 12. Be2 Be7 13. Qg3 O-O
14. Nb3 Qe5 15. Bf4 Qe4 16. Qf3 Qc2 17. Bd1 Qe4+ 18. Be2 Qc2 19. Bd1 Qe4+
20. Be2 Qc2 1/2-1/2

[Event "GCT 2022 - Superbet Chess Classic"]
[Site "Bucarest"]
[Date "08.05.2022"]
[Round "4"]
[White "So, Wesley"]
[Black "Nepomniachtchi, Ian"]
[Result "1-0"]
[WhiteElo "2776"]
[BlackElo "2773"]
[EventDate "2022.05.05"]

1. Nf3 d5 2. d4 Nf6 3. c4 e6 4. g3 Be7 5. Bg2 O-O 6. O-O dxc4 7. Qc2 b5 8.
a4 Bb7 9. axb5 a6 10. bxa6 Nxa6 11. Qxc4 Bd5 12. Qc3 c5 13. Be3 Ne4 14. Qe1
Nb4 15. Rxa8 Qxa8 16. Nc3 Nxc3 17. bxc3 Nc2 18. Qd2 Nxe3 19. Qxe3 cxd4 20.
cxd4 Rd8 21. Qf4 h6 22. e3 Bd6 23. Qh4 Bb4 24. Qg4 Bxf3 25. Bxf3 Qa5 26.
Rb1 Bd6 27. h4 Rb8 28. Rxb8+ Bxb8 29. d5 Qa1+ 30. Kg2 Qe5 31. Qc4 Bd6 32.
dxe6 Qxe6 33. Bd5 Qd7 34. h5 Qf5 35. Qc6 Bf8 36. Bf3 Qe6 37. Qa8 Qe5 38.
Bg4 Qf6 39. Bd1 Qf5 40. Qb7 Qe5 41. Be2 Qf5 42. Bf3 Qe5 43. Bg4 Qg5 44. Qf3
g6 45. hxg6 Qxg6 46. Bf5 Qf6 47. Qd5 Qd6 48. Qc4 Qb4 49. Qe2 Qb7+ 50. Kh2
Bg7 51. Bd3 Qd5 52. Bc4 Qe4 53. Bb3 Qf5 54. e4 Qf6 55. Kg2 Qb6 56. Bd5 Bd4
57. e5 Qg6 58. Bxf7+ 1-0

[Event "GCT 2022 - Superbet Chess Classic"]
[Site "Bucarest"]
[Date "08.05.2022"]
[Round "4"]
[White "Mamedyarov, Shakhriyar"]
[Black "Deac, Bogdan-Daniel"]
[Result "1/2-1/2"]
[WhiteElo "2759"]
[BlackElo "2671"]
[EventDate "2022.05.05"]

1. d4 Nf6 2. c4 e6 3. Nf3 d5 4. Nc3 dxc4 5. e4 Bb4 6. Bg5 h6 7. Bxf6 Qxf6
8. Bxc4 c5 9. O-O cxd4 10. e5 Qd8 11. Ne4 O-O 12. Qe2 Be7 13. Rfd1 Qa5 14.
a3 Rd8 15. b4 Qb6 16. g4 Nd7 17. Rac1 Qc7 18. Ng3 Qb8 19. h4 Nf8 20. Bd3 b6
21. g5 Bb7 22. gxh6 Bxf3 23. Qxf3 Qxe5 24. hxg7 Qxg7 25. Kh1 Qf6 26. Qg4+
Ng6 27. Be4 Rac8 28. Bxg6 Qxg6 29. Qxg6+ fxg6 30. Rxc8 Rxc8 31. Rxd4 a5 32.
Kg2 axb4 33. axb4 Rc2 34. Re4 Kf7 35. Rf4+ Kg8 36. Re4 Kf7 37. Rf4+ Kg8 38.
Re4 Kf7 39. Rf4+ Kg8 40. Re4 1/2-1/2

[Event "GCT 2022 - Superbet Chess Classic"]
[Site "Bucarest"]
[Date "08.05.2022"]
[Round "4"]
[White "Firouzja, Alireza"]
[Black "Rapport, Richard"]
[Result "1/2-1/2"]
[WhiteElo "2804"]
[BlackElo "2776"]
[EventDate "2022.05.05"]

1. e4 c5 2. Nf3 e6 3. d4 cxd4 4. Nxd4 Nc6 5. Nc3 Nf6 6. Nxc6 bxc6 7. e5 Nd5
8. Ne4 Qc7 9. f4 Qb6 10. c4 Bb4+ 11. Ke2 f5 12. Nf2 Ba6 13. Kf3 Ne7 14. Be3
Bc5 15. Bxc5 Qxc5 16. Qd6 Qb6 17. Be2 Rd8 18. b4 Nc8 19. Qc5 d5 20. exd6
Nxd6 21. Qe5 c5 22. Qxc5 Rc8 23. Qxb6 axb6 24. Rhc1 Bxc4 25. Bxc4 Nxc4 26.
Nd3 Ke7 27. a4 Rhd8 28. Ke2 Rd4 29. a5 bxa5 30. bxa5 Rcd8 31. Rc3 Re4+ 32.
Kf2 Red4 33. Ne5 Nxe5 34. fxe5 R8d7 35. a6 Ra7 36. Ra5 Rd2+ 37. Kf3 Rb2 38.
Rc6 g5 39. Rd6 Rc7 40. Ra3 Rcc2 41. Rdd3 Rf2+ 42. Ke3 Rbc2 43. Rdb3 Rcd2
44. Rd3 Rc2 45. Rd1 Ra2 46. Rdd3 Rac2 1/2-1/2

[Event "GCT 2022 - Superbet Chess Classic"]
[Site "Bucarest"]
[Date "08.05.2022"]
[Round "4"]
[White "Dominguez Perez, Leinier"]
[Black "Aronian, Levon"]
[Result "0-1"]
[WhiteElo "2753"]
[BlackElo "2765"]
[EventDate "2022.05.05"]

1. e4 e5 2. Nf3 Nc6 3. Bc4 Bc5 4. O-O Nf6 5. d3 O-O 6. h3 d5 7. exd5 Nxd5
8. Nbd2 a5 9. Ne4 Bb6 10. c3 f6 11. d4 exd4 12. Re1 Kh8 13. cxd4 Bf5 14.
Ng3 Bg6 15. Nh4 Bf7 16. Ngf5 Re8 17. Rxe8+ Qxe8 18. Qg4 Qf8 19. Bd2 Rd8 20.
Re1 Nde7 21. Bxf7 Qxf7 22. Bc3 Nxf5 23. Nxf5 g6 24. Nh6 Qf8 25. d5 Nb4 26.
Qe6 Kg7 27. Bxb4 axb4 28. Ng4 Qf7 29. Qe4 Rxd5 30. Qf4 Bc5 31. Qh6+ Kh8 32.
Qf4 Rd8 33. b3 Bd4 34. Ne5 Qg7 35. Nf3 Bc5 36. g3 b6 37. Re6 Bd6 38. Qd4
Rf8 39. h4 h5 40. Kg2 Kh7 41. Qd5 Qg8 42. Qe4 Qf7 43. Nd4 Bc5 44. f4 Rd8
45. Nf3 Kg7 46. f5 gxf5 47. Qxf5 Qg6 48. Qxg6+ Kxg6 49. Re2 Rd3 50. Ne1 Rc3
51. Rc2 Rxc2+ 52. Nxc2 f5 53. Kf3 Kf6 54. Ne1 b5 55. Nd3 Bd6 56. Nc1 Ke5
57. Ne2 Kd5 58. Ke3 c5 59. Kf3 c4 60. Ke3 Bc5+ 61. Kf4 c3 62. Kxf5 Be3 63.
a3 Bd2 64. axb4 c2 0-1

[Event "GCT 2022 - Superbet Chess Classic"]
[Site "Bucarest"]
[Date "09.05.2022"]
[Round "5"]
[White "Aronian, Levon"]
[Black "So, Wesley"]
[Result "1/2-1/2"]
[WhiteElo "2765"]
[BlackElo "2776"]
[EventDate "2022.05.05"]

1. c4 c5 2. g3 Nc6 3. Bg2 Nf6 4. Nf3 d5 5. cxd5 Nxd5 6. d4 cxd4 7. Nxd4
Ndb4 8. Nxc6 Qxd1+ 9. Kxd1 Nxc6 10. Bxc6+ bxc6 11. Be3 e5 12. f3 Be6 13.
Ke1 a5 14. Kf2 Bb4 15. Rc1 Kd7 16. Nd2 Bxd2 17. Bxd2 Rhb8 18. Bc3 f6 19. f4
exf4 20. gxf4 Bd5 21. Rg1 Rg8 22. Rg3 Ke6 23. Rag1 g6 24. Rh3 Kf5 25. Rxh7
Rh8 26. Re7 Rxh2+ 27. Ke1 Rhh8 28. Rg7 Rhg8 29. R1xg6 Rxg7 30. Rxg7 Bxa2
31. e3 a4 32. Bd4 a3 33. bxa3 Rxa3 34. Ra7 Rxa7 35. Bxa7 Ke4 36. Bd4 Be6
37. Bxf6 Kxe3 38. Be7 c5 39. Bxc5+ Kxf4 1/2-1/2

[Event "GCT 2022 - Superbet Chess Classic"]
[Site "Bucarest"]
[Date "09.05.2022"]
[Round "5"]
[White "Nepomniachtchi, Ian"]
[Black "Vachier-Lagrave, Maxime"]
[Result "1/2-1/2"]
[WhiteElo "2773"]
[BlackElo "2750"]
[EventDate "2022.05.05"]

1. e4 c5 2. Nf3 d6 3. d4 cxd4 4. Nxd4 Nf6 5. Bb5+ Bd7 6. c4 Nc6 7. Nc3 g6
8. h3 Nxd4 9. Bxd7+ Qxd7 10. Qxd4 Bg7 11. Be3 O-O 12. Qd3 Qc6 13. Bd4 a6
14. Nd5 Nxd5 15. exd5 Qd7 16. Bxg7 Kxg7 17. O-O b5 18. b4 Qf5 19. Qe2 bxc4
20. Qxc4 Rfc8 21. Qd4+ Qf6 22. Qe4 Rc3 23. Rac1 Rac8 24. Rxc3 Qxc3 25. Qxe7
Qxb4 26. Qe2 a5 27. Rd1 a4 28. g3 a3 29. Kg2 Rc3 30. h4 h5 31. Rd2 Rc1 32.
Qd3 Rc3 33. Qe2 Qb1 34. Rd1 Qf5 35. Rd2 Rc1 36. Qe3 Qb1 37. Qd4+ Kg8 38.
Re2 Rg1+ 39. Kh2 Rh1+ 40. Kg2 Rg1+ 41. Kh2 Rh1+ 42. Kg2 Rg1+ 1/2-1/2

[Event "GCT 2022 - Superbet Chess Classic"]
[Site "Bucarest"]
[Date "09.05.2022"]
[Round "5"]
[White "Deac, Bogdan-Daniel"]
[Black "Firouzja, Alireza"]
[Result "1/2-1/2"]
[WhiteElo "2671"]
[BlackElo "2804"]
[EventDate "2022.05.05"]

1. d4 Nf6 2. c4 g6 3. Nc3 Bg7 4. e4 d6 5. Be2 O-O 6. h4 Nc6 7. d5 Ne5 8. h5
c6 9. h6 Bh8 10. Nf3 Neg4 11. O-O Qb6 12. Qb3 Nh5 13. Nh2 Nhf6 14. Nf3 Nd7
15. Qc2 Nc5 16. Bf4 a5 17. Rae1 f5 18. exf5 Rxf5 19. Bg5 Qd8 20. Qd2 Qf8
21. Bd1 Rf7 22. b3 Nxh6 23. dxc6 bxc6 24. Nd4 Nf5 25. Nxc6 Bb7 26. Bf3 Ra6
27. Nxe7+ Nxe7 28. Bxb7 Bxc3 29. Qxc3 Nxb7 30. Re2 h6 31. Bc1 Ra8 32. Bb2
Kh7 33. Rfe1 Nc5 34. Qd2 Nf5 35. Qd5 h5 36. Bc3 Nd7 37. Re6 Rc8 38. Bxa5
Nf6 39. Qd2 Re8 40. Bc3 Rxe6 41. Rxe6 Nd7 42. Qg5 Qg8 43. g4 hxg4 44. Qxg4
Ne5 45. Qh3+ Nh6 46. Rxd6 Qe8 47. Qe6 Re7 48. Qd5 Nef7 49. Rf6 Rd7 50. Qe6
Rd1+ 51. Kg2 Qxe6 52. Rxe6 Nf5 53. Re1 Rd3 54. Rc1 Ng5 55. Kf1 Ne6 56. Be5
Rd2 57. b4 Rxa2 58. c5 Ra4 59. c6 Rxb4 60. c7 Nxc7 61. Rxc7+ Kg8 62. Bg3
Ra4 63. Kg2 Rb4 64. Ra7 Rc4 65. Rb7 Kf8 66. Ra7 Kg8 67. Rb7 Kf8 68. Ra7 1/2-1/2

[Event "GCT 2022 - Superbet Chess Classic"]
[Site "Bucarest"]
[Date "09.05.2022"]
[Round "5"]
[White "Caruana, Fabiano"]
[Black "Mamedyarov, Shakhriyar"]
[Result "1-0"]
[WhiteElo "2786"]
[BlackElo "2759"]
[EventDate "2022.05.05"]

1. e4 e5 2. Nf3 Nf6 3. Nxe5 d6 4. Nf3 Nxe4 5. d4 d5 6. Bd3 Be7 7. O-O Bf5
8. Re1 O-O 9. Nbd2 Nd6 10. Nf1 Bxd3 11. Qxd3 c6 12. Bf4 Na6 13. h4 Nc7 14.
Ng5 g6 15. Nh2 Qd7 16. h5 Bxg5 17. Bxg5 Rfe8 18. hxg6 hxg6 19. Bf6 Rxe1+
20. Rxe1 Re8 21. Rf1 Na6 22. Be5 Qe6 23. f4 Nb8 24. Qa3 Ne4 25. f5 gxf5 26.
Qh3 f6 27. Rxf5 Nd7 28. Bf4 Kf8 29. Qa3+ Kg7 30. Rh5 a6 31. Qb3 b6 32. Qf3
Rh8 33. Rxh8 Kxh8 34. Qh5+ Kg8 35. Qg6+ Kf8 36. Ng4 Ke7 37. Nh6 Kd8 38.
Nf7+ Ke7 39. Nh6 Kd8 40. Nf5 Kc8 41. Qg4 Kd8 42. Qh3 Qe8 43. Qh7 Ng5 44.
Bxg5 fxg5 45. Qg7 Qe1+ 46. Kh2 Qd2 47. Qe7+ Kc7 48. Qd6+ Kd8 49. Ne7 Qxc2
50. Nxc6+ Kc8 51. Ne7+ Kd8 52. Nc6+ Kc8 53. Ne7+ Kd8 54. Nxd5 Qh7+ 55. Kg1
Qb1+ 56. Kh2 Qh7+ 57. Kg1 Qb1+ 58. Kf2 Qc2+ 59. Ke3 Qc1+ 60. Kd3 Kc8 61.
Qe6 Qf1+ 62. Kc3 Qc1+ 63. Kb3 Qd1+ 64. Ka3 Qd3+ 65. b3 Qb5 66. Kb2 1-0

[Event "GCT 2022 - Superbet Chess Classic"]
[Site "Bucarest"]
[Date "09.05.2022"]
[Round "5"]
[White "Rapport, Richard"]
[Black "Dominguez Perez, Leinier"]
[Result "1/2-1/2"]
[WhiteElo "2776"]
[BlackElo "2753"]
[EventDate "2022.05.05"]

1. e4 e5 2. Ne2 Nf6 3. d4 exd4 4. e5 Ne4 5. Qxd4 d5 6. exd6 Nxd6 7. Nbc3
Nc6 8. Qa4 Bd7 9. Bd2 g6 10. O-O-O Bg7 11. Ne4 Nxe4 12. Qxe4+ Qe7 13. Nc3
O-O-O 14. Qxe7 Nxe7 15. Bc4 Bc6 16. Rhe1 Nd5 17. Nb5 Kb8 18. Bg5 Bf6 19. h4
Bxg5+ 20. hxg5 Nb6 21. Bf1 Rxd1+ 22. Rxd1 Nc8 23. Nd4 Bd7 24. Bd3 h5 25. b4
Re8 26. c4 b6 27. f3 c5 28. bxc5 bxc5 29. Nb3 Ba4 30. Kd2 Kc7 31. Rf1 Bxb3
32. axb3 a5 33. Ra1 Kb6 34. Be4 Nd6 35. Bd5 Re5 36. f4 Re7 37. Re1 Rxe1 38.
Kxe1 Kc7 39. Kd2 Kd7 40. f5 gxf5 41. Ke3 Ke7 42. Kf4 f6 43. g3 fxg5+ 44.
Kxg5 Ne4+ 45. Bxe4 fxe4 46. Kf4 Kf6 47. Kxe4 Ke6 48. Kf4 Kf6 49. Ke4 Ke6
50. Kf4 Kf6 1/2-1/2

[Event "GCT 2022 - Superbet Chess Classic"]
[Site "Bucarest"]
[Date "11.05.2022"]
[Round "6"]
[White "So, Wesley"]
[Black "Rapport, Richard"]
[Result "1/2-1/2"]
[WhiteElo "2776"]
[BlackElo "2776"]
[EventDate "2022.05.05"]

1. d4 d5 2. c4 c6 3. Nc3 Nf6 4. e3 e6 5. Nf3 Nbd7 6. Qc2 Bd6 7. Bd3 O-O 8.
O-O dxc4 9. Bxc4 a6 10. a4 c5 11. Rd1 Qc7 12. Ne4 Nxe4 13. Qxe4 Nf6 14. Qh4
cxd4 15. Bd3 e5 16. exd4 e4 17. Bxe4 Nxe4 18. Qxe4 Qd7 19. Bf4 Re8 20. Ne5
Qf5 21. Qxf5 Bxf5 22. Nd3 Bxd3 23. Bxd6 Bc2 24. Rdc1 Rac8 25. a5 f6 26. f3
Bb3 27. Rxc8 Rxc8 28. Re1 Ba4 29. Ba3 Re8 30. Rxe8+ Bxe8 31. d5 Bf7 32. d6
Be8 33. Kf2 Kf7 34. Ke3 Ke6 35. Kd4 Bc6 36. h4 h5 37. Bb4 Bb5 38. g4 hxg4
39. fxg4 Be2 40. Kc5 Kd7 41. Kb6 Kc8 42. d7+ Kxd7 43. Kxb7 Ke6 44. Bc3 Kf7
45. b4 Bb5 46. h5 Be2 47. Bb2 Bb5 48. Bc3 Be2 49. Bd2 Bb5 50. Bc3 Be2
1/2-1/2

[Event "GCT 2022 - Superbet Chess Classic"]
[Site "Bucarest"]
[Date "11.05.2022"]
[Round "6"]
[White "Vachier-Lagrave, Maxime"]
[Black "Aronian, Levon"]
[Result "0-1"]
[WhiteElo "2750"]
[BlackElo "2765"]
[EventDate "2022.05.05"]

1. d4 Nf6 2. c4 e6 3. Nc3 Bb4 4. Nf3 d5 5. Bg5 dxc4 6. e4 c5 7. Bxc4 cxd4
8. Nxd4 Bxc3+ 9. bxc3 Qa5 10. Bb5+ Nbd7 11. Bxf6 Qxc3+ 12. Ke2 Qb2+ 13. Qd2
Qxd2+ 14. Kxd2 gxf6 15. Rac1 O-O 16. Rc7 Rd8 17. Ke3 Nb6 18. Nb3 f5 19. Bd3
Rb8 20. f4 e5 21. fxe5 f4+ 22. Kd2 Be6 23. Kc3 Rbc8 24. Rxc8 Rxc8+ 25. Kd4
Na4 0-1